[Event "RUS-chT Women Rapid 2019"]
[Site "Sochi"]
[Date "2019.10.18"]
[Round "4.6"]
[White "Girya, Olga"]
[Black "Tomilova, Elena"]
[Result "1/2-1/2"]
[WhiteElo "2476"]
[BlackElo "2345"]
[Annotator "ChessBase"]
[PlyCount "111"]
[EventDate "2019.10.18"]
[EventType "swiss"]
[EventCountry "RUS"]
[SourceTitle "playchess.com"]
[Source "ChessBase"]
[SourceQuality "1"]
[TimeControl "900+10"]

1. d4 {[%emt 0:00:00]} Nf6 {[%emt 0:00:00]} 2. c4 {[%emt 0:00:00]} e6 {[%emt 0:00:00]} 3. Nf3 {[%emt 0:00:00]} b6 {[%emt 0:00:00]} 4. g3 {[%emt 0:00:00]} Bb4+ {[%emt 0:00:00]} 5. Bd2 {[%emt 0:00:00]} c5 {[%emt 0:00:00]} 6. Bxb4 {[%emt 0:00:06]} cxb4 {[%emt 0:00:00]} 7. Bg2 {[%emt 0:00:01]} Bb7 {[%emt 0:00:00]} 8. O-O {[%emt 0:00:02]} a5 {[%emt 0:00:02]} 9. Qd3 {[%emt 0:00:14]} O-O {[%emt 0:00:06]} 10. Rd1 {[%emt 0:00:11]} d6 {[%emt 0:00:09]} 11. Nbd2 {[%emt 0:00:23]} Qe7 {[%emt 0:01:26]} 12. e4 {[%emt 0:04:00]} e5 {[%emt 0:00:08]} 13. a3 {[%emt 0:00:46]} Na6 {[%emt 0:00:45]} 14. Nh4 {[%emt 0:00:40]} g6 {[%emt 0:00:05]} 15. Nf1 {[%emt 0:00:13]} bxa3 {[%emt 0:01:14]} 16. bxa3 {[%emt 0:00:06]} Rfd8 {[%emt 0:00:45]} 17. Ne3 {[%emt 0:02:42]} Rac8 {[%emt 0:01:14]} 18. Rab1 {[%emt 0:00:20]} Qc7 {[%emt 0:01:47]} 19. Nd5 {[%emt 0:00:56]} Bxd5 {[%emt 0:00:25]} 20. cxd5 {[%emt 0:00:06]} Nb8 {[%emt 0:00:22]} 21. dxe5 {[%emt 0:00:59]} dxe5 {[%emt 0:00:02]} 22. Bh3 {[%emt 0:00:56]} Nbd7 {[%emt 0:00:07]} 23. Bxd7 {[%emt 0:02:23]} Nxd7 {[%emt 0:00:23]} 24. Nf3 {[%emt 0:00:23]} Qc3 {[%emt 0:00:25]} 25. Kg2 {[%emt 0:00:30]} Qxd3 {[%emt 0:00:21]} 26. Rxd3 {[%emt 0:00:01]} Rc4 {[%emt 0:00:09]} 27. Nd2 {[%emt 0:00:41]} Rc2 {[%emt 0:00:02]} 28. Nf1 {[%emt 0:00:35]} Rdc8 {[%emt 0:00:14]} 29. Ne3 {[%emt 0:00:38]} R2c3 {[%emt 0:00:10]} 30. Rb3 {[%emt 0:01:06]} Rxd3 {[%emt 0:00:10]} 31. Rxd3 {[%emt 0:00:01]} a4 {[%emt 0:01:23]} 32. d6 {[%emt 0:00:35]} f6 {[%emt 0:00:36]} 33. Nd5 {[%emt 0:00:02]} Rc4 {[%emt 0:01:11]} 34. f3 {[%emt 0:00:35]} Kf7 {[%emt 0:00:05]} 35. Nxb6 {[%emt 0:00:06]} Rc2+ {[%emt 0:00:57]} 36. Kh3 {[%emt 0:00:00]} Nxb6 {[%emt 0:00:02]} 37. d7 {[%emt 0:00:01]} Nxd7 {[%emt 0:00:01]} 38. Rxd7+ {[%emt 0:00:00]} Ke6 {[%emt 0:00:01]} 39. Ra7 {[%emt 0:00:06]} Rc3 {[%emt 0:00:19]} 40. Ra6+ {[%emt 0:00:09]} Ke7 {[%emt 0:00:11]} 41. Rxa4 {[%emt 0:00:10]} Rxf3 {[%emt 0:00:01]} 42. Kg2 {[%emt 0:00:39]} Rb3 {[%emt 0:00:28]} 43. Ra7+ {[%emt 0:00:05]} Ke6 {[%emt 0:00:02]} 44. h4 {[%emt 0:00:26]} f5 {[%emt 0:00:51]} 45. exf5+ {[%emt 0:00:13]} gxf5 {[%emt 0:00:04]} 46. a4 {[%emt 0:00:17]} h5 {[%emt 0:00:31]} 47. a5 {[%emt 0:00:02]} Ra3 {[%emt 0:00:11]} 48. a6 {[%emt 0:00:04]} Kf6 {[%emt 0:01:53]} 49. Ra8 {[%emt 0:00:09]} Kg7 {[%emt 0:00:07]} 50. Kf2 {[%emt 0:00:16]} Ra2+ {[%emt 0:00:08]} 51. Kf3 {[%emt 0:00:15]} Ra3+ {[%emt 0:00:03]} 52. Kg2 {[%emt 0:00:04]} Ra2+ {[%emt 0:00:02]} 53. Kf1 {[%emt 0:00:05]} Ra3 {[%emt 0:00:25]} 54. Kf2 {[%emt 0:00:15]} Ra2+ {[%emt 0:00:01]} 55. Kf1 {[%emt 0:00:15]} Ra3 {[%emt 0:00:03]} 56. Kf2 {[%emt 0:00:01]} 1/2-1/2

[Event "RUS-chT Women Rapid 2019"]
[Site "Sochi"]
[Date "2019.10.18"]
[Round "4.7"]
[White "Gritsayeva, Oksana"]
[Black "Guseva, Marina"]
[Result "1-0"]
[WhiteElo "2370"]
[BlackElo "2366"]
[Annotator "NA"]
[PlyCount "49"]
[EventDate "2019.10.18"]
[EventType "swiss"]
[EventCountry "RUS"]
[SourceTitle "playchess.com"]
[Source "ChessBase"]
[SourceQuality "1"]
[TimeControl "900+10"]

1. e4 {[%emt 0:00:00]} c5 {[%emt 0:00:00]} 2. Nc3 {[%emt 0:00:00]} d6 {[%emt 0:00:00]} 3. f4 {[%emt 0:00:00]} Nc6 {[%emt 0:00:00]} 4. Bb5 {[%emt 0:00:00]} Bd7 {[%emt 0:00:08]} 5. Nf3 {[%emt 0:00:00]} a6 {[%emt 0:00:02]} 6. Bxc6 {[%emt 0:00:02]} Bxc6 {[%emt 0:00:01]} 7. d4 {[%emt 0:00:49]} cxd4 {[%emt 0:00:02]} 8. Qxd4 {[%emt 0:00:02]} e6 {[%emt 0:00:15]} 9. O-O {[%emt 0:00:27]} Nf6 {[%emt 0:00:02]} 10. a4 {[%emt 0:00:52]} Be7 {[%emt 0:00:10]} 11. b3 {[%emt 0:00:17]} O-O {[%emt 0:00:08]} 12. Bb2 {[%emt 0:00:02]} Rc8 {[%emt 0:00:12]} 13. Qd3 {[%emt 0:00:19]} Qb6+ {[%emt 0:01:34]} 14. Kh1 {[%emt 0:00:12]} Ng4 {[%emt 0:00:13]} 15. Ne2 {[%emt 0:02:33]} e5 {[%emt 0:04:12]} 16. Ng3 {[%emt 0:03:09]} Nf2+ {[%emt 0:03:45]} 17. Rxf2 {[%emt 0:00:02]} Qxf2 {[%emt 0:00:01]} 18. Rf1 {[%emt 0:00:57]} Qb6 {[%emt 0:01:08]} 19. Nf5 {[%emt 0:00:15]} Qd8 {[%emt 0:00:05]} 20. fxe5 {[%emt 0:01:05]} dxe5 {[%emt 0:00:23]} 21. Nxe5 {[%emt 0:00:15]} Bf6 {[%emt 0:01:23]} 22. Qg3 {[%emt 0:00:24]} Qc7 {[%emt 0:00:53]} 23. Nh6+ {[%emt 0:00:35]} Kh8 {[%emt 0:00:01]} 24. Rxf6 {[%emt 0:00:33]} Rcd8 {[%emt 0:01:29]} 25. Rf1 {[%emt 0:01:15]} 1-0

[Event "RUS-chT Women Rapid 2019"]
[Site "Sochi"]
[Date "2019.10.18"]
[Round "4.8"]
[White "Kovanova, Baira"]
[Black "Vasilevich, Tatjana"]
[Result "1-0"]
[WhiteElo "2344"]
[BlackElo "2360"]
[Annotator "NA"]
[PlyCount "119"]
[EventDate "2019.10.18"]
[EventType "swiss"]
[EventCountry "RUS"]
[SourceTitle "playchess.com"]
[Source "ChessBase"]
[SourceQuality "1"]
[TimeControl "900+10"]

1. Nf3 {[%emt 0:00:00]} Nf6 {[%emt 0:00:00]} 2. c4 {[%emt 0:00:00]} g6 {[%emt 0:00:29]} 3. d4 {[%emt 0:00:00]} Bg7 {[%emt 0:00:01]} 4. Bf4 {[%emt 0:00:02]} O-O {[%emt 0:00:08]} 5. e3 {[%emt 0:00:04]} d5 {[%emt 0:00:12]} 6. Nc3 {[%emt 0:00:10]} c5 {[%emt 0:00:15]} 7. Be2 {[%emt 0:02:36]} dxc4 {[%emt 0:02:56]} 8. Bxc4 {[%emt 0:01:42]} cxd4 {[%emt 0:01:14]} 9. Nxd4 {[%emt 0:00:45]} Nh5 {[%emt 0:00:39]} 10. Bg5 {[%emt 0:02:12]} h6 {[%emt 0:05:15]} 11. Bh4 {[%emt 0:00:05]} Bxd4 {[%emt 0:00:12]} 12. exd4 {[%emt 0:02:08]} Ng7 {[%emt 0:00:43]} 13. Bg3 {[%emt 0:01:11]} Nf5 {[%emt 0:00:13]} 14. d5 {[%emt 0:00:06]} Nd7 {[%emt 0:00:25]} 15. Bf4 {[%emt 0:00:42]} Nb6 {[%emt 0:01:14]} 16. Bb3 {[%emt 0:00:05]} Kh7 {[%emt 0:00:14]} 17. O-O {[%emt 0:00:16]} Bd7 {[%emt 0:00:20]} 18. Qd3 {[%emt 0:01:35]} Rc8 {[%emt 0:00:31]} 19. Rfe1 {[%emt 0:00:05]} Re8 {[%emt 0:00:19]} 20. a4 {[%emt 0:01:00]} Nd6 {[%emt 0:00:34]} 21. Qf3 {[%emt 0:00:42]} Nbc4 {[%emt 0:01:31]} 22. Re2 {[%emt 0:00:28]} Nf5 {[%emt 0:00:13]} 23. Qd3 {[%emt 0:00:26]} Na5 {[%emt 0:00:20]} 24. Ba2 {[%emt 0:00:29]} Qb6 {[%emt 0:00:01]} 25. Rd1 {[%emt 0:00:11]} Nb3 {[%emt 0:00:07]} 26. Bxb3 {[%emt 0:01:34]} Qxb3 {[%emt 0:00:02]} 27. Rde1 {[%emt 0:00:13]} Qc4 {[%emt 0:00:10]} 28. Qd2 {[%emt 0:00:08]} Rcd8 {[%emt 0:00:43]} 29. Re4 {[%emt 0:00:05]} Qc5 {[%emt 0:00:05]} 30. Qe2 {[%emt 0:00:17]} Qb6 {[%emt 0:00:32]} 31. Be5 {[%emt 0:00:15]} a6 {[%emt 0:00:16]} 32. Qf3 {[%emt 0:00:04]} Kg8 {[%emt 0:00:07]} 33. b4 {[%emt 0:00:16]} Rc8 {[%emt 0:00:05]} 34. a5 {[%emt 0:00:02]} Qa7 {[%emt 0:00:12]} 35. Rg4 {[%emt 0:00:09]} b6 {[%emt 0:00:07]} 36. Rf4 {[%emt 0:00:23]} bxa5 {[%emt 0:00:02]} 37. bxa5 {[%emt 0:00:00]} Qc5 {[%emt 0:00:07]} 38. Ne4 {[%emt 0:00:08]} Qxa5 {[%emt 0:00:05]} 39. Bc3 {[%emt 0:00:03]} Qa3 {[%emt 0:00:08]} 40. g4 {[%emt 0:00:15]} Nh4 {[%emt 0:00:10]} 41. Qe3 {[%emt 0:00:40]} g5 {[%emt 0:00:08]} 42. Rf3 {[%emt 0:00:04]} Nxf3+ {[%emt 0:00:07]} 43. Qxf3 {[%emt 0:00:02]} Rxc3 {[%emt 0:00:24]} 44. Nxc3 {[%emt 0:00:01]} Bxg4 {[%emt 0:00:15]} 45. Qg3 {[%emt 0:00:23]} Rc8 {[%emt 0:00:11]} 46. Re3 {[%emt 0:00:20]} Bf5 {[%emt 0:00:13]} 47. h4 {[%emt 0:00:05]} Qd6 {[%emt 0:00:12]} 48. hxg5 {[%emt 0:00:20]} Qxg3+ {[%emt 0:00:15]} 49. Rxg3 {[%emt 0:00:01]} hxg5 {[%emt 0:00:09]} 50. Rxg5+ {[%emt 0:00:01]} Bg6 {[%emt 0:00:00]} 51. Ne2 {[%emt 0:00:18]} Kg7 {[%emt 0:00:15]} 52. Re5 {[%emt 0:00:03]} Kf8 {[%emt 0:00:16]} 53. Nd4 {[%emt 0:00:05]} Rc7 {[%emt 0:00:07]} 54. Nc6 {[%emt 0:00:26]} f6 {[%emt 0:00:15]} 55. Re3 {[%emt 0:00:07]} Bf7 {[%emt 0:00:04]} 56. Nb8 {[%emt 0:00:07]} a5 {[%emt 0:00:13]} 57. Ra3 {[%emt 0:00:04]} Rc1+ {[%emt 0:00:08]} 58. Kh2 {[%emt 0:00:02]} Rc5 {[%emt 0:00:14]} 59. Nd7+ {[%emt 0:00:01]} Kg7 {[%emt 0:00:06]} 60. Nxc5 {[%emt 0:00:02]} 1-0

[Event "RUS-chT Women Rapid 2019"]
[Site "Sochi"]
[Date "2019.10.18"]
[Round "4.9"]
[White "Gunina, Valentina"]
[Black "Lysenko, Margarita"]
[Result "1-0"]
[WhiteElo "2509"]
[BlackElo "2243"]
[Annotator "TA"]
[PlyCount "141"]
[EventDate "2019.10.18"]
[EventType "swiss"]
[EventCountry "RUS"]
[SourceTitle "playchess.com"]
[Source "ChessBase"]
[SourceQuality "1"]

{[%evp 9,151,0,27,6,18,18,11,0,9,0,22,14,9,-6,10,-26,-17,-68,-65,-70,-68,-68,-67,-114,-80,-164,-161,-172,-177,-187,-135,-138,-97,-150,0,0,11,-88,0,0,0,0,0,-197,-197,-196,-195,-188,-160,-220,-223,-204,-184,-245,-169,-173,-166,-167,-106,-131,-133,-106,-126,-285,0,0,0,-106,0,0,0,-44,50,0,97,118,118,86,200,89,103,100,64,72,37,0,0,0,0,0,0,-1509,-1302,-1382,-1387,-1183,-1177,-1150,-1535,-1525,-642,-29978,0,-919,0,-29978,0,-808,0,-29978,-29979,-29980,-29981,-29981,-1377,-1210,-1117,-29983,93,93,717,678,725,810,771,787,781,775,755,723,1145,1038,1970,1981,1745,1227,11163,10332,9829,9185,5310,7100,5297,2881]} 1. e4 c5 2. Nf3 d6 3. d4 cxd4 4. Qxd4 Nc6 5. Bb5 Bd7 6. Qd3 {B53: Sicilian: 2...d6: Lines with Qxd4} a6 (6... g6 7. O-O Bg7 8. c4 Nf6 9. Nc3 O-O 10. h3 Rc8 11. Be3 Nb4 12. Qe2 a6 13. Bxd7 Nxd7 14. Bd4 Bxd4 15. Nxd4 {0-1 (29) Andreikin,D (2725)-Van Wely,L (2622) chess.com INT 2019}) 7. Bxc6 Bxc6 8. O-O {The position is equal.} Nf6 9. Nc3 g6 10. Nd4 Bg7 11. b3 $146 ({Predecessor:} 11. Nxc6 bxc6 12. h3 O-O 13. Be3 Nd7 14. Rab1 Qa5 {½-½ (33) Korinek,J (1643)-Le Duigou,J (1711) LSS email 2014}) 11... O-O 12. Bb2 Bd7 13. Nce2 (13. Nd5 $11) 13... b5 $15 14. h3 Qb6 15. Rad1 Rac8 16. c3 Rfd8 17. Kh1 (17. Ng3 $17) 17... e5 $19 18. Nf3 Bc6 19. Ng3 Qb7 (19... Qc7 $19 20. Qc2 d5 21. exd5 Nxd5) 20. Rfe1 $17 Ne8 21. Qf1 (21. Qe3 $142) 21... f5 $2 ({Better is} 21... d5 $17 {[%cal Rd5e4]} 22. exd5 Bxd5) 22. exf5 $11 gxf5 23. Ng5 (23. Nh4 $11) 23... Qe7 (23... Bf6 $1 $17 {[%cal Rf6g5]} 24. Ne6 Rd7) 24. f4 Qf6 25. c4 {Black must now prevent h4.} Qg6 26. Ne2 $2 (26. h4 $11 e4 27. h5) 26... e4 $1 $19 27. Bxg7 Nxg7 28. h4 Nh5 29. Kh2 (29. g4 $17 fxg4 30. f5) 29... h6 30. Nh3 Rc7 31. Qg1 (31. Nd4 $142) 31... Rg7 {aiming for ...e3!} 32. g3 Nf6 33. Qb6 Ng4+ (33... Rc8 $19 {And now ...bxc4 would win.} 34. Rc1 Be8) 34. Kg1 $17 Rc8 $1 35. cxb5 axb5 36. Qd4 $2 (36. Rc1 $17 {was worth a try.} Rgc7 37. Nf2) 36... Rd8 $2 (36... e3 $19 {Strongly threatening ...Bf3.} 37. Rc1 Qe6) 37. Qb6 $1 $36 {[%cal Rb6d8][%mdl 2048] White has some pressure.} Rc8 {...e3 is the strong threat.} 38. Rc1 (38. Qd4 $1 $11 {was the only way to keep the balance.}) 38... d5 (38... Rb7 $1 $17 {[%cal Rb7b6]} 39. Qd4 Rbc7) 39. Rc3 Rb7 40. Qd4 Rbc7 (40... b4 $15 41. Rc5 Rbc7) 41. Rec1 b4 (41... e3 $1 $11 {keeps the balance.}) 42. Qxb4 $16 e3 43. Qd4 Qe6 (43... Qd6 $16) 44. Kg2 (44. a4 $18 {has better winning chances.}) 44... Qd6 45. Nhg1 Bb7 46. Rxc7 Rxc7 47. Rxc7 Qxc7 48. Kf1 Qc2 49. Qb4 Bc6 (49... Ba6 $5 50. Qb8+ $8 Bc8 $11) 50. h5 $2 {[%mdl 8192]} (50. Qb8+ $11 Kf7 51. Qc7+ Kg8 52. Qd8+ Kf7 53. Qc7+ Kg8 54. Qd8+ Kf7 55. Qc7+) 50... Qb1+ $19 51. Kg2 d4+ $1 52. Kh3 Qe4 {[%cal Re4h1]} 53. Qb8+ Kf7 {[%cal Re4h1]} 54. Qc7+ Ke8 {[%cal Re4h1]} 55. Qc8+ Kf7 (55... Ke7 $142 $1 56. Qc7+ Bd7 57. Kh4 d3 58. Qc4 Nf6 59. Qc5+ Kf7 60. Qc4+ Ke8 61. Nd4 Qh1+ 62. Nh3 Qd1 63. Qg8+ Nxg8 64. Ne2 dxe2 65. a4 e1=Q 66. Nf2 exf2 67. Kh3 Qh1#) 56. Qc7+ Ke8 (56... Kf8 $19 57. Qd6+ Kg8 58. Qd8+ Be8) 57. Qc8+ $1 Kf7 (57... Ke7 $142 $1 58. Kh4 d3 59. Qc7+ Bd7 60. Qc5+ Ke8 61. Nc3 Qh1+ {[%mdl 64] Double Attack} 62. Nh3 e2 63. Nxe2 dxe2 64. Qd4 e1=Q 65. Qh8+ Ke7 66. Qg7+ Kd8 67. Qf8+ Qe8 68. Qg7 Qe7+ 69. Qg5 hxg5+ 70. fxg5 Nf2 71. h6 Qxh3#) 58. Qc7+ Ke8 (58... Kf8 $19 59. Qd6+ Ke8 60. Qg6+ Kf8 61. Qd6+ Kg8 62. Qd8+ Be8) 59. Qc8+ $1 Ke7 $1 {[%cal Re4h1]} 60. Qc7+ Bd7 {[%cal Re4h1]} 61. Kh4 Ke8 (61... Qh1+ $142 62. Nh3 d3 63. Qc5+ Ke8 64. Qc4 Nf6 65. Neg1 e2 66. Qc1 Qe4 $1 {[%mdl 512]} 67. Qc7 e1=Q 68. Qb8+ Kf7 69. Qd6 Qd1 70. Qxf6+ Kxf6 71. Nf2 Qxg1 72. Nxe4+ fxe4 73. f5 Kxf5 74. Kh3 Qh1#) 62. Qb8+ Kf7 {( -> ...Nf2)} 63. Qd6 d3 $2 (63... Nf6 {mates} 64. Qxd7+ Nxd7 65. Nxd4 Qxd4 66. g4 {[#]} Qd1 $1 {[%mdl 576] Double Attack} 67. Ne2 Qxe2 {[%mdl 64] Double Attack} 68. Kg3 Qxg4+ {[%mdl 64] Double Attack} 69. Kh2 e2 70. b4 e1=Q 71. b5 Qeh4#) 64. Qxd7+ $16 Kf8 $2 {[%mdl 8192]} (64... Kf6 $16) 65. Nd4 $18 {Threatens to win with Ne6+.White is clearly winning.} Qe7+ 66. Qxe7+ Kxe7 67. Nxf5+ Kf6 68. Nxe3 ({Inferior is} 68. Kxg4 e2 $11) 68... Nxe3 {[%mdl 4096] Endgame KN-KN} 69. Nf3 Nf1 70. g4 d2 {[#]} 71. g5+ {Played: Nf3xd2} 1-0

[Event "RUS-chT Women Rapid 2019"]
[Site "Sochi"]
[Date "2019.10.18"]
[Round "4.10"]
[White "Sudakova, Irina"]
[Black "Maltsevskaya, Aleksandra"]
[Result "0-1"]
[WhiteElo "2288"]
[BlackElo "2333"]
[Annotator "NA"]
[PlyCount "86"]
[EventDate "2019.10.18"]
[EventType "swiss"]
[EventCountry "RUS"]
[SourceTitle "playchess.com"]
[Source "ChessBase"]
[SourceQuality "1"]
[TimeControl "900+10"]

1. e4 {[%emt 0:00:00]} c5 {[%emt 0:00:00]} 2. Ne2 {[%emt 0:00:00]} Nc6 {[%emt 0:00:00]} 3. g3 {[%emt 0:00:00]} g6 {[%emt 0:00:00]} 4. Bg2 {[%emt 0:00:00]} Bg7 {[%emt 0:00:00]} 5. c3 {[%emt 0:00:00]} d6 {[%emt 0:01:20]} 6. d4 {[%emt 0:00:01]} cxd4 {[%emt 0:00:02]} 7. cxd4 {[%emt 0:00:02]} Bg4 {[%emt 0:00:10]} 8. f3 {[%emt 0:00:07]} Bd7 {[%emt 0:00:02]} 9. d5 {[%emt 0:00:30]} Ne5 {[%emt 0:00:36]} 10. Nbc3 {[%emt 0:00:32]} Qb6 {[%emt 0:00:18]} 11. h3 {[%emt 0:06:05]} Nf6 {[%emt 0:01:36]} 12. f4 {[%emt 0:00:36]} Nc4 {[%emt 0:00:10]} 13. Qd3 {[%emt 0:00:33]} Nxb2 {[%emt 0:01:25]} 14. Bxb2 {[%emt 0:01:34]} Qxb2 {[%emt 0:00:04]} 15. Rb1 {[%emt 0:00:27]} Qa3 {[%emt 0:00:02]} 16. e5 {[%emt 0:00:53]} dxe5 {[%emt 0:03:21]} 17. fxe5 {[%emt 0:00:46]} Bf5 {[%emt 0:00:02]} 18. Qb5+ {[%emt 0:00:57]} Nd7 {[%emt 0:00:03]} 19. Rb3 {[%emt 0:00:40]} Qc5 {[%emt 0:04:51]} 20. g4 {[%emt 0:00:28]} Bc2 {[%emt 0:00:03]} 21. Rb2 {[%emt 0:01:40]} Qxb5 {[%emt 0:00:02]} 22. Nxb5 {[%emt 0:00:05]} Rc8 {[%emt 0:00:01]} 23. d6 {[%emt 0:01:22]} Bxe5 {[%emt 0:01:57]} 24. Nc7+ {[%emt 0:00:23]} Kd8 {[%emt 0:00:01]} 25. Rxc2 {[%emt 0:00:43]} Bxd6 {[%emt 0:00:07]} 26. Bxb7 {[%emt 0:00:34]} Rxc7 {[%emt 0:00:01]} 27. Rxc7 {[%emt 0:00:04]} Kxc7 {[%emt 0:00:02]} 28. Bg2 {[%emt 0:00:06]} Ne5 {[%emt 0:00:21]} 29. Nd4 {[%emt 0:00:06]} Rb8 {[%emt 0:00:12]} 30. Nb3 {[%emt 0:00:01]} a5 {[%emt 0:00:28]} 31. O-O {[%emt 0:00:10]} a4 {[%emt 0:00:02]} 32. Rc1+ {[%emt 0:00:02]} Kd7 {[%emt 0:00:02]} 33. Nc5+ {[%emt 0:00:29]} Bxc5+ {[%emt 0:00:29]} 34. Rxc5 {[%emt 0:00:01]} f6 {[%emt 0:00:38]} 35. Ra5 {[%emt 0:00:09]} Rb4 {[%emt 0:00:03]} 36. g5 {[%emt 0:00:29]} Nc4 {[%emt 0:00:24]} 37. Ra6 {[%emt 0:00:10]} Rb1+ {[%emt 0:00:42]} 38. Kh2 {[%emt 0:00:16]} Ne3 {[%emt 0:00:02]} 39. Bc6+ {[%emt 0:00:05]} Kc7 {[%emt 0:00:01]} 40. Bxa4 {[%emt 0:00:03]} Rb2+ {[%emt 0:00:23]} 41. Kg3 {[%emt 0:00:13]} Rxa2 {[%emt 0:00:20]} 42. Ra7+ {[%emt 0:00:24]} Kb6 {[%emt 0:00:23]} 43. Rxe7 {[%emt 0:00:02]} Nf5+ {[%emt 0:00:01]} 0-1

[Event "RUS-chT Women Rapid 2019"]
[Site "Sochi"]
[Date "2019.10.18"]
[Round "4.11"]
[White "Obolentseva, Alexandra"]
[Black "Lukina, Aleksandra"]
[Result "1-0"]
[WhiteElo "2282"]
[BlackElo "2060"]
[Annotator "NA"]
[PlyCount "151"]
[EventDate "2019.10.18"]
[EventType "swiss"]
[EventCountry "RUS"]
[SourceTitle "playchess.com"]
[Source "ChessBase"]
[SourceQuality "1"]
[TimeControl "900+10"]

1. d4 {[%emt 0:00:00]} Nf6 {[%emt 0:00:00]} 2. c4 {[%emt 0:00:00]} g6 {[%emt 0:00:00]} 3. Nc3 {[%emt 0:00:00]} Bg7 {[%emt 0:00:00]} 4. e4 {[%emt 0:00:00]} d6 {[%emt 0:00:00]} 5. Be2 {[%emt 0:00:01]} O-O {[%emt 0:00:00]} 6. Nf3 {[%emt 0:00:02]} e5 {[%emt 0:00:04]} 7. O-O {[%emt 0:00:02]} exd4 {[%emt 0:00:02]} 8. Nxd4 {[%emt 0:00:03]} Re8 {[%emt 0:00:04]} 9. f3 {[%emt 0:00:11]} c6 {[%emt 0:00:01]} 10. Kh1 {[%emt 0:00:07]} Na6 {[%emt 0:00:17]} 11. Be3 {[%emt 0:01:09]} Nc7 {[%emt 0:00:39]} 12. Bg1 {[%emt 0:00:14]} d5 {[%emt 0:00:17]} 13. cxd5 {[%emt 0:00:06]} cxd5 {[%emt 0:00:02]} 14. Ndb5 {[%emt 0:00:13]} Nxb5 {[%emt 0:00:48]} 15. Bxb5 {[%emt 0:00:03]} Bd7 {[%emt 0:00:36]} 16. Bxd7 {[%emt 0:00:24]} Qxd7 {[%emt 0:00:05]} 17. exd5 {[%emt 0:00:20]} Red8 {[%emt 0:00:29]} 18. Qb3 {[%emt 0:00:05]} Nh5 {[%emt 0:04:12]} 19. Rad1 {[%emt 0:00:37]} Be5 {[%emt 0:01:01]} 20. Rfe1 {[%emt 0:01:23]} Qf5 {[%emt 0:00:16]} 21. Qc4 {[%emt 0:00:34]} Nf4 {[%emt 0:01:27]} 22. Qe4 {[%emt 0:00:46]} Bxc3 {[%emt 0:01:42]} 23. Qxf5 {[%emt 0:00:02]} gxf5 {[%emt 0:00:01]} 24. bxc3 {[%emt 0:00:02]} Rxd5 {[%emt 0:01:29]} 25. Rxd5 {[%emt 0:00:10]} Nxd5 {[%emt 0:00:01]} 26. c4 {[%emt 0:00:08]} Nb4 {[%emt 0:00:45]} 27. a3 {[%emt 0:00:11]} Nc6 {[%emt 0:01:07]} 28. Rb1 {[%emt 0:00:16]} b6 {[%emt 0:00:08]} 29. Rb5 {[%emt 0:00:02]} Ne7 {[%emt 0:01:28]} 30. Re5 {[%emt 0:00:03]} Kf8 {[%emt 0:00:03]} 31. c5 {[%emt 0:00:02]} Rb8 {[%emt 0:00:09]} 32. cxb6 {[%emt 0:00:17]} axb6 {[%emt 0:00:01]} 33. h3 {[%emt 0:00:20]} Rb7 {[%emt 0:00:11]} 34. Rb5 {[%emt 0:00:38]} Nc8 {[%emt 0:00:14]} 35. Rxf5 {[%emt 0:01:09]} Ra7 {[%emt 0:00:05]} 36. Rb5 {[%emt 0:00:18]} Rxa3 {[%emt 0:00:04]} 37. Bxb6 {[%emt 0:00:03]} Nxb6 {[%emt 0:00:03]} 38. Rxb6 {[%emt 0:00:02]} Kg7 {[%emt 0:00:14]} 39. Kh2 {[%emt 0:00:01]} f6 {[%emt 0:00:30]} 40. Rb4 {[%emt 0:00:09]} Rc3 {[%emt 0:00:08]} 41. Rg4+ {[%emt 0:00:02]} Kf7 {[%emt 0:00:01]} 42. Kg3 {[%emt 0:00:04]} Ra3 {[%emt 0:00:05]} 43. Kh4 {[%emt 0:00:06]} Ra5 {[%emt 0:00:02]} 44. Rb4 {[%emt 0:00:08]} Kg6 {[%emt 0:00:12]} 45. Kg3 {[%emt 0:00:27]} h5 {[%emt 0:00:19]} 46. Rb8 {[%emt 0:00:17]} Ra4 {[%emt 0:00:21]} 47. Re8 {[%emt 0:00:15]} Rb4 {[%emt 0:00:47]} 48. Re4 {[%emt 0:00:04]} Rb5 {[%emt 0:00:03]} 49. Ra4 {[%emt 0:00:04]} Rc5 {[%emt 0:00:03]} 50. Kh4 {[%emt 0:00:06]} Rb5 {[%emt 0:00:05]} 51. Kg3 {[%emt 0:00:34]} Rc5 {[%emt 0:00:01]} 52. Re4 {[%emt 0:00:04]} Rb5 {[%emt 0:00:02]} 53. Kf4 {[%emt 0:00:11]} Rb2 {[%emt 0:00:30]} 54. g3 {[%emt 0:00:29]} Rb3 {[%emt 0:00:13]} 55. Ra4 {[%emt 0:00:05]} Rc3 {[%emt 0:00:10]} 56. h4 {[%emt 0:00:12]} Rb3 {[%emt 0:00:02]} 57. g4 {[%emt 0:00:07]} Rb5 {[%emt 0:00:43]} 58. Kg3 {[%emt 0:00:21]} Rb3 {[%emt 0:00:39]} 59. g5 {[%emt 0:00:28]} Rb6 {[%emt 0:00:26]} 60. Ra5 {[%emt 0:00:11]} fxg5 {[%emt 0:00:52]} 61. hxg5 {[%emt 0:00:11]} Rb3 {[%emt 0:00:19]} 62. Re5 {[%emt 0:00:05]} Ra3 {[%emt 0:00:02]} 63. Kf4 {[%emt 0:00:06]} Ra4+ {[%emt 0:00:18]} 64. Kg3 {[%emt 0:00:43]} Rb4 {[%emt 0:00:06]} 65. f4 {[%emt 0:00:08]} Rb3+ {[%emt 0:00:09]} 66. Kh4 {[%emt 0:00:03]} Rb4 {[%emt 0:00:31]} 67. Re6+ {[%emt 0:00:05]} Kg7 {[%emt 0:00:03]} 68. Rf6 {[%emt 0:00:02]} Rb1 {[%emt 0:00:01]} 69. Kxh5 {[%emt 0:00:03]} Rh1+ {[%emt 0:00:01]} 70. Kg4 {[%emt 0:00:02]} Rb1 {[%emt 0:00:04]} 71. Ra6 {[%emt 0:00:03]} Rb4 {[%emt 0:00:02]} 72. Re6 {[%emt 0:00:19]} Rc4 {[%emt 0:00:02]} 73. Kf5 {[%emt 0:00:03]} Rc5+ {[%emt 0:00:01]} 74. Re5 {[%emt 0:00:02]} Rc6 {[%emt 0:00:01]} 75. Re7+ {[%emt 0:00:07]} Kf8 {[%emt 0:00:01]} 76. Re6 {[%emt 0:00:02]} 1-0